Kadra reprezentacji Polski na Euro 2024 - Statystyki

Ogólne statystyki
  • Ten quiz został rozwiązany 3 671 razy
  • Średni wynik to 17 z 26
Statystyki odpowiedzi
Pozycja Zawodnik % Poprawnych
Bramkarz Wojciech Szczęsny
98%
Napastnik Robert Lewandowski
97%
Bramkarz Łukasz Skorupski
94%
Bramkarz Marcin Bułka
90%
Pomocnik Piotr Zieliński
90%
Obrońca Jan Bednarek
89%
Pomocnik Nicola Zalewski
86%
Napastnik Karol Świderski
83%
Napastnik Adam Buksa
82%
Napastnik Krzysztof Piątek
82%
Obrońca Jakub Kiwior
80%
Pomocnik Damian Szymański
72%
Pomocnik Sebastian Szymański
72%
Pomocnik Kacper Urbański
62%
Obrońca Paweł Dawidowicz
62%
Pomocnik Przemysław Frankowski
62%
Pomocnik Jakub Moder
56%
Obrońca Bartosz Bereszyński
53%
Pomocnik Kamil Grosicki
53%
Obrońca Bartosz Salamon
46%
Pomocnik Bartosz Slisz
45%
Obrońca Tymoteusz Puchacz
45%
Pomocnik Jakub Piotrowski
43%
Obrońca Sebastian Walukiewicz
42%
Pomocnik Taras Romańczuk
34%
Pomocnik Michał Skóraś
31%
Nie znaleziono quizów pasujących do podanych kryteriów
Rozkład punktacji
Procent ludzi z każdym wynikiem
Percentyl według liczby udzielonych odpowiedzi
Twoja historia wyników
Nie rozwiązałeś tego quizu